LEADER 01935oas 2200685 a 450 001 9910142500103321 005 20251105213014.0 035 $a(OCoLC)52184069 035 $a(CONSER) 2003252556 035 $a(CKB)111056648716148 035 $a(EXLCZ)99111056648716148 100 $a20030505a19779999 sy 101 0 $ahun 135 $auran||||||||| 181 $ctxt$2rdacontent 182 $cc$2rdamedia 183 $acr$2rdacarrier 200 00$aMagyar nemzeti bibliogra?fia$iKo?nyvek bibliogra?fia?ja $eko?zreadja az Orsza?gos Sze?che?nyi Ko?nyvta?r 210 $aBudapest $cOrsza?gos Sze?che?nyi Ko?nyvta?r 300 $aTitle from PDF title screen (viewed May 5, 2003). 311 08$a1589-388X 517 1 $aHungarian national bibliography. 517 3 $aKo?nyvek bibliogra?fia?ja 517 3 $aBibliography of books 531 0 $aMagy. nemz. bibliogr., Kv. bibliogr. 606 $aBibliography, National 606 $aNATIONAL BIBLIOGRAPHY$2unbist 606 $aHUNGARY$2unbist 607 $aHungary$vImprints$vPeriodicals 607 $aHungary 607 $aHungary$2fast$1https://id.oclc.org/worldcat/entity/E39PBJqBtb4QKCYGrVyyWtMQMP 608 $aBibliographies.$2fast 608 $aPeriodicals.$2fast 615 2$aBibliography, National. 615 7$aNATIONAL BIBLIOGRAPHY. 615 7$aHUNGARY. 712 02$aOrsza?gos Sze?che?nyi Ko?nyvta?r 801 0$bWAU 801 1$bWAU 801 2$bOCLCQ 801 2$bDLC 801 2$bOCLCQ 801 2$bOCLCF 801 2$bCLU 801 2$bOCLCE 801 2$bOCLCQ 801 2$bOCLCO 801 2$bOCLCQ 801 2$bLIP 801 2$bOCLCA 801 2$bOCL 801 2$bCLU 801 2$bOCLCO 801 2$bOCLCQ 801 2$bOCLCL 801 2$bOCLCQ 906 $aJOURNAL 912 $a9910142500103321 996 $aMagyar nemzeti bibliográfia$92573803 997 $aUNINA